| 000 | 00429cam a2200181ua 4500 | ||
|---|---|---|---|
| 020 | _c3.00 | ||
| 041 |
_ahin _h |
||
| 082 |
_a891.43 _bSHY/RO |
||
| 100 | _aShyam, Sunderdas . | ||
| 245 |
_aRoopak Rahsya / _cShyamsunderdas. _hTextual Documents |
||
| 250 |
_a4 / _b. |
||
| 260 |
_aAllahabad : _bIndian Press Ltd , _c2003. |
||
| 300 | _a226 ; . | ||
| 365 | _a3.00 | ||
| 504 | _a | ||
| 942 | _cBK | ||
| 999 |
_c12717 _d12717 |
||